000
00184 a2200097 4500
001
947
100
_a
Puckle,O.S
245
_a
Jime bases
260
_a
_b
Chapman
_c
090
_c
537
_d
537
942
_a
NUST-CAE
_c
M
_c
31789
999
_c
236020
_d
236020